| 000 | 00580nam a22001817a 4500 | ||
|---|---|---|---|
| 005 | 20240923115225.0 | ||
| 010 | _aENG-141752 | ||
| 020 |
_a9788193979303 _c320.00 |
||
| 035 | _aEN-125284 | ||
| 037 | _bDBAD/PUB | ||
| 082 |
_a781.745095451 _21 |
||
| 100 |
_aBaruah,Sudarshana _971839 |
||
| 245 |
_a0japali: _bThe Ancient Music Tradition Of Assam & Its Classical Elements/ _c by Sudarshana Baruah |
||
| 260 |
_aGuwahati _bAssam Book Trust _c2018 |
||
| 270 |
_aPanbazar _e781001 _bGuwahati |
||
| 300 |
_a158p. _c22CM (hbk) |
||
| 942 |
_2ddc _cEN _mBAR _h781.745095451 |
||
| 999 |
_c205261 _d205261 |
||